000 00311nam a2200133Ia 4500
005 20251222141809.0
008 251222s9999||||xx |||||||||||||| ||spa||
082 _a641.3/G68
100 _aFernando González Vigil
245 0 _aAlimentos y Transnacionales
250 _a2a.ed.
264 _bDESCO
942 _cLIB
999 _c6414
_d6414